000 00608nam a2200217Ia 4500
005 20260429111927.0
008 260429s9999||||xx |||||||||||||| ||und||
020 _a9789360807894
041 _aEnglish
082 _a294.592
_bAIY
100 _aAiyangar, Narayan
245 0 _aEssays on Indo-Aryan mythology /
_cNarayan Aiyangar
250 _a1st ed.
260 _aNew Delhi :
_bManohar Publishers and Distributors,
_c2024.
300 _axv, 639 p.; hb
650 _a Comparative mythology
650 _a Folklore
650 _a Religious studies
650 _aIndo-Aryan mythology
942 _cTB
999 _c51471
_d51471